Lord Of The Rings: Gandalf's Names - Statistics

General Stats
  • This quiz has been taken 14 times
    8 since last reset
  • The average score is 2 of 9
Answer Stats
Hint Answer % Correct
Most Common Gandalf
100%
Full Common Title In The First Book Gandalf The Grey
63%
Full Common Title In The Last Two Books Gandalf The White
63%
His Last Name Used By Grima Stormcrow
13%
His Last Name Used By The People Of Rohan Greyhame
0%
Common Name To The South Incanus
0%
What Grima Called Him When He Came Into The King's Hall Lathspell
0%
Common Name To The West Olorin
0%
Common Name To Dwarves Tharkun
0%
No matching quizzes found
Score Distribution
Percent of People with Each Score
Percentile by Number Answered
Your Score History
You have not taken this quiz since the last reset